[Event "London Chess Classic"]
[Site "Londra"]
[Date "03.12.2012"]
[Round "3"]
[White "Aronian,L"]
[Black "Anand,V"]
[Result "1/2-1/2"]
[WhiteElo "2815"]
[BlackElo "2775"]
[EventDate "2012.12.01"]

1. d4 d5 2. c4 c6 3. Nc3 Nf6 4. cxd5 cxd5 5. Bf4 Nc6 6. e3 Bf5 7. Qb3 Na5 8.
Qa4+ Bd7 9. Qc2 e6 10. Bd3 Rc8 11. h3 Nc4 12. Nf3 Bb4 13. a3 Bxc3+ 14. bxc3 Qa5
15. O-O O-O 16. Rfb1 Ba4 17. Qe2 Qxc3 18. Bg5 Nd6 19. Bxf6 gxf6 20. Ne1 f5 21.
Qf3 Qc7 22. Rc1 Qe7 23. g4 fxg4 24. hxg4 Bb5 25. Bxb5 Nxb5 26. Kg2 Nd6 27. Nd3
Ne4 28. Qf4 Qf6 29. Qxf6 Nxf6 30. Rab1 b6 31. f3 Kg7 32. a4 Nd7 33. Nb4 Nb8 34.
Kf2 Kf6 35. e4 dxe4 36. fxe4 Ke7 37. Ke3 Rg8 38. Kf4 Rgd8 39. d5 Rxc1 40. Rxc1
a5 41. Nc6+ Nxc6 42. Rxc6 exd5 43. exd5 Rxd5 44. Rxb6 Rd4+ 45. Kg5 Rxa4 46. Ra6
Ra1 47. Kh6 a4 48. Kxh7 a3 49. g5 a2 50. Kg7 Kd7 51. Kf8 Rg1 1/2-1/2